[Event "DVM U16 2021"]
[Site "Kiel GER"]
[Date "2022.07.23"]
[Round "2"]
[White "Huang, Luca Hanson"]
[Black "Frank, Marek"]
[Result "1-0"]
[Termination "normal"]
[Board "7.3"]
[WhiteElo "1488"]
[BlackElo "1551"]
[WhiteClock "01:01:10"]
[BlackClock "00:01:33"]
[WhiteTeam "SK Frankenthal"]
[BlackTeam "ESV Gera"]
[PlyCount "103"]
[WhiteFideId "16279182"]
[BlackFideId "16239520"]
[EventCountry "GER"]
[EventRounds "7"]
[EventType "team-swiss"]
[EventDate "2022.07.22"]

1. e4 {[%clk 01:30:55]} {[%emt 00:00:03]} c5 {[%clk 01:28:43]} {[%emt
00:02:18]} 2. Nf3 {[%clk 01:31:05]} {[%emt 00:00:20]} d6 {[%clk 01:28:30]}
{[%emt 00:00:43]} 3. d4 {[%clk 01:31:21]} {[%emt 00:00:13]} cxd4 {[%clk
01:28:55]} {[%emt 00:00:06]} 4. Nxd4 {[%clk 01:31:43]} {[%emt 00:00:07]} Nf6
{[%clk 01:28:59]} {[%emt 00:00:26]} 5. Nc3 {[%clk 01:31:41]} {[%emt 00:00:33]}
g6 {[%clk 01:27:46]} {[%emt 00:01:44]} 6. Be3 {[%clk 01:31:56]} {[%emt
00:00:14]} Bg7 {[%clk 01:28:00]} {[%emt 00:00:16]} 7. f3 {[%clk 01:32:14]}
{[%emt 00:00:12]} O-O {[%clk 01:27:15]} {[%emt 00:01:15]} 8. Bc4 {[%clk
01:32:14]} {[%emt 00:00:29]} Nc6 {[%clk 01:23:43]} {[%emt 00:04:02]} 9. Qd2
{[%clk 01:31:32]} {[%emt 00:01:14]} Nxd4 {[%clk 01:13:35]} {[%emt 00:10:37]}
10. Bxd4 {[%clk 01:30:44]} {[%emt 00:01:16]} Qa5 {[%clk 01:12:25]} {[%emt
00:01:40]} 11. O-O-O {[%clk 01:27:44]} {[%emt 00:03:31]} Be6 {[%clk 01:02:58]}
{[%emt 00:09:58]} 12. Bxe6 {[%clk 01:27:23]} {[%emt 00:00:51]} fxe6 {[%clk
01:03:23]} {[%emt 00:00:04]} 13. Kb1 {[%clk 01:26:26]} {[%emt 00:01:27]} Rac8
{[%clk 01:01:47]} {[%emt 00:02:05]} 14. h4 {[%clk 01:18:57]} {[%emt 00:08:01]}
Rc4 {[%clk 00:58:25]} {[%emt 00:03:51]} 15. Ne2 {[%clk 01:13:44]} {[%emt
00:05:43]} Qxd2 {[%clk 00:48:38]} {[%emt 00:10:18]} 16. Rxd2 {[%clk 01:13:46]}
{[%emt 00:00:28]} Rfc8 {[%clk 00:46:13]} {[%emt 00:02:53]} 17. g4 {[%clk
01:12:36]} {[%emt 00:01:42]} a6 {[%clk 00:37:40]} {[%emt 00:09:03]} 18. Be3
{[%clk 01:11:41]} {[%emt 00:01:24]} Nd7 {[%clk 00:16:34]} {[%emt 00:21:36]} 19.
Nf4 {[%clk 01:10:32]} {[%emt 00:01:39]} Rb4 {[%clk 00:08:11]} {[%emt 00:08:52]}
20. b3 {[%clk 01:09:49]} {[%emt 00:01:14]} Bc3 {[%clk 00:07:11]} {[%emt
00:01:30]} 21. Rg2 {[%clk 01:08:55]} {[%emt 00:01:24]} Kf7 {[%clk 00:03:14]}
{[%emt 00:04:28]} 22. g5 {[%clk 01:08:04]} {[%emt 00:01:21]} Nf8 {[%clk
00:01:51]} {[%emt 00:01:53]} 23. h5 {[%clk 01:07:28]} {[%emt 00:01:06]} Rb5
{[%clk 00:01:17]} {[%emt 00:01:04]} 24. hxg6+ {[%clk 01:06:18]} {[%emt
00:01:40]} hxg6 {[%clk 00:01:43]} {[%emt 00:00:05]} 25. Ne2 {[%clk 01:03:41]}
{[%emt 00:03:06]} Bg7 {[%emt 00:00:37]} 26. a4 {[%clk 01:02:13]} {[%emt
00:01:56]} Rb4 {[%clk 00:00:42]} {[%emt 00:01:25]} 27. Rh4 {[%clk 00:58:59]}
{[%emt 00:03:43]} d5 {[%clk 00:01:06]} {[%emt 00:00:07]} 28. Rf4+ {[%clk
00:53:38]} {[%emt 00:05:51]} Kg8 {[%clk 00:01:10]} {[%emt 00:00:27]} 29. exd5
{[%clk 00:53:33]} {[%emt 00:00:35]} Rxf4 {[%clk 00:01:38]} {[%emt 00:00:02]}
30. Nxf4 {[%clk 00:53:46]} {[%emt 00:00:16]} exd5 {[%clk 00:01:55]} {[%emt
00:00:12]} 31. Nxd5 {[%clk 00:53:33]} {[%emt 00:00:44]} Rd8 {[%clk 00:01:32]}
{[%emt 00:00:53]} 32. Rd2 {[%clk 00:51:33]} {[%emt 00:02:30]} Kf7 {[%clk
00:01:28]} {[%emt 00:00:34]} 33. Nf4 {[%clk 00:50:59]} {[%emt 00:01:05]} Rxd2
{[%clk 00:01:29]} {[%emt 00:00:29]} 34. Bxd2 {[%clk 00:51:16]} {[%emt
00:00:13]} Ne6 {[%clk 00:01:24]} {[%emt 00:00:34]} 35. Nxe6 {[%clk 00:48:09]}
{[%emt 00:03:38]} Kxe6 {[%clk 00:01:50]} {[%emt 00:00:04]} 36. f4 {[%clk
00:48:28]} {[%emt 00:00:11]} Kf5 {[%clk 00:01:56]} {[%emt 00:00:24]} 37. c3
{[%clk 00:46:59]} {[%emt 00:01:59]} e5 {[%clk 00:02:08]} {[%emt 00:00:18]} 38.
fxe5 {[%clk 00:46:38]} {[%emt 00:00:51]} Bxe5 {[%clk 00:02:34]} {[%emt
00:00:04]} 39. c4 {[%clk 00:41:25]} {[%emt 00:05:42]} Bf4 {[%clk 00:02:27]}
{[%emt 00:00:37]} 40. Bxf4 {[%clk 00:41:38]} {[%emt 00:00:17]} Kxf4 {[%clk
00:02:53]} {[%emt 00:00:04]} 41. c5 {[%clk 00:31:56]} {[%emt 00:10:11]} Ke4
{[%clk 00:15:59]} {[%emt 00:17:24]} 42. b4 {[%clk 01:01:21]} {[%emt 00:01:05]}
Kd4 {[%clk 00:01:24]} {[%emt 00:15:06]} 43. Kb2 {[%clk 01:01:10]} {[%emt
00:00:41]} Kc4 {[%clk 00:00:44]} {[%emt 00:01:10]} 44. Ka3 {[%clk 01:01:21]}
{[%emt 00:00:18]} Kd5 {[%clk 00:00:38]} {[%emt 00:00:37]} 45. Kb3 {[%clk
01:00:58]} {[%emt 00:00:52]} Kd4 {[%clk 00:01:05]} {[%emt 00:00:03]} 46. a5
{[%clk 01:00:59]} {[%emt 00:00:29]} Kd5 {[%clk 00:00:54]} {[%emt 00:00:41]} 47.
Kc3 {[%clk 01:01:03]} {[%emt 00:00:27]} Kc6 {[%clk 00:00:46]} {[%emt 00:00:37]}
48. Kc4 {[%clk 01:01:19]} {[%emt 00:00:14]} Kc7 {[%clk 00:01:11]} {[%emt
00:00:05]} 49. b5 {[%clk 01:01:45]} {[%emt 00:00:04]} Kd7 {[%clk 00:01:03]}
{[%emt 00:00:39]} 50. bxa6 {[%clk 01:00:45]} {[%emt 00:01:29]} bxa6 {[%clk
00:01:25]} {[%emt 00:00:08]} 51. Kd5 {[%clk 01:01:12]} {[%emt 00:00:03]} Kc7
{[%clk 00:01:33]} {[%emt 00:00:21]} 52. Ke6 {[%clk 01:01:10]} {[%emt 00:00:34]}
1-0

[Event "DVM U16 2021"]
[Site "Kiel GER"]
[Date "2022.07.23"]
[Round "2"]
[White "Herter, Arne"]
[Black "Zhou, Lepu Coco"]
[Result "1-0"]
[Termination "normal"]
[Board "8.1"]
[WhiteElo "1951"]
[BlackElo "1986"]
[WhiteClock "00:15:20"]
[BlackClock "00:39:28"]
[WhiteTeam "Schachzwerge Magdeburg"]
[BlackTeam "SC Weisse Dame e.V."]
[PlyCount "99"]
[WhiteFideId "16255372"]
[BlackFideId "16217136"]
[EventCountry "GER"]
[EventRounds "7"]
[EventType "team-swiss"]
[EventDate "2022.07.22"]

1. e4 {[%clk 01:30:58]} {[%emt 00:00:02]} c5 {[%clk 01:30:55]} {[%emt
00:00:05]} 2. Nf3 {[%clk 01:31:21]} {[%emt 00:00:06]} e6 {[%clk 01:31:07]}
{[%emt 00:00:19]} 3. d4 {[%clk 01:31:43]} {[%emt 00:00:08]} cxd4 {[%clk
01:31:31]} {[%emt 00:00:06]} 4. Nxd4 {[%clk 01:32:05]} {[%emt 00:00:07]} Nf6
{[%clk 01:31:54]} {[%emt 00:00:07]} 5. Nc3 {[%clk 01:31:57]} {[%emt 00:00:38]}
Nc6 {[%clk 01:32:16]} {[%emt 00:00:08]} 6. Ndb5 {[%clk 01:30:31]} {[%emt
00:01:57]} Bb4 {[%clk 01:32:15]} {[%emt 00:00:31]} 7. a3 {[%clk 01:29:46]}
{[%emt 00:01:15]} Bxc3+ {[%clk 01:32:38]} {[%emt 00:00:07]} 8. Nxc3 {[%clk
01:30:10]} {[%emt 00:00:05]} d5 {[%clk 01:31:14]} {[%emt 00:01:54]} 9. exd5
{[%clk 01:28:48]} {[%emt 00:01:52]} exd5 {[%clk 01:31:38]} {[%emt 00:00:07]}
10. Bf4 {[%clk 01:18:37]} {[%emt 00:10:40]} O-O {[%clk 01:28:23]} {[%emt
00:03:45]} 11. Be2 {[%clk 01:15:28]} {[%emt 00:03:40]} Bf5 {[%clk 01:23:35]}
{[%emt 00:05:18]} 12. O-O {[%clk 01:11:53]} {[%emt 00:04:05]} a6 {[%clk
01:20:30]} {[%emt 00:03:35]} 13. Bd3 {[%clk 01:01:40]} {[%emt 00:10:42]} Bxd3
{[%clk 01:15:13]} {[%emt 00:05:48]} 14. Qxd3 {[%clk 01:01:53]} {[%emt
00:00:16]} d4 {[%clk 01:09:25]} {[%emt 00:06:18]} 15. Ne2 {[%clk 00:57:32]}
{[%emt 00:04:51]} Qd5 {[%clk 01:05:26]} {[%emt 00:04:29]} 16. Rad1 {[%clk
00:51:55]} {[%emt 00:06:07]} Rad8 {[%clk 01:04:20]} {[%emt 00:01:36]} 17. Bc7
{[%clk 00:48:00]} {[%emt 00:04:26]} Rd7 {[%clk 01:01:55]} {[%emt 00:02:54]} 18.
Bg3 {[%clk 00:18:07]} {[%emt 00:30:23]} Ne4 {[%clk 00:49:57]} {[%emt 00:12:28]}
19. Nf4 {[%clk 00:10:06]} {[%emt 00:08:31]} Qf5 {[%clk 00:50:17]} {[%emt
00:00:10]} 20. Rfe1 {[%clk 00:10:08]} {[%emt 00:00:28]} Nxg3 {[%clk 00:50:38]}
{[%emt 00:00:09]} 21. hxg3 {[%clk 00:10:20]} {[%emt 00:00:18]} Qg5 {[%clk
00:44:33]} {[%emt 00:06:36]} 22. Rd2 {[%clk 00:03:21]} {[%emt 00:07:29]} Ne5
{[%clk 00:38:23]} {[%emt 00:06:40]} 23. Qe4 {[%clk 00:02:08]} {[%emt 00:01:42]}
Re7 {[%clk 00:37:23]} {[%emt 00:01:30]} 24. Red1 {[%clk 00:00:33]} {[%emt
00:02:06]} Nc4 {[%clk 00:36:52]} {[%emt 00:01:01]} 25. Qd5 {[%clk 00:00:38]}
{[%emt 00:00:25]} Qxd5 {[%clk 00:32:55]} {[%emt 00:04:27]} 26. Nxd5 {[%clk
00:01:05]} {[%emt 00:00:02]} Re1+ {[%clk 00:28:12]} {[%emt 00:05:13]} 27. Rxe1
{[%clk 00:01:04]} {[%emt 00:00:31]} Nxd2 {[%clk 00:28:35]} {[%emt 00:00:07]}
28. Rd1 {[%clk 00:01:02]} {[%emt 00:00:32]} Nc4 {[%clk 00:16:19]} {[%emt
00:12:46]} 29. Rxd4 {[%clk 00:01:17]} {[%emt 00:00:15]} b5 {[%clk 00:14:49]}
{[%emt 00:02:01]} 30. a4 {[%clk 00:00:35]} {[%emt 00:01:11]} Nxb2 {[%clk
00:12:18]} {[%emt 00:03:01]} 31. axb5 {[%clk 00:00:54]} {[%emt 00:00:11]} axb5
{[%clk 00:12:41]} {[%emt 00:00:08]} 32. Rb4 {[%clk 00:01:17]} {[%emt 00:00:06]}
Nc4 {[%clk 00:12:09]} {[%emt 00:01:02]} 33. Rxb5 {[%clk 00:01:22]} {[%emt
00:00:26]} h6 {[%clk 00:11:53]} {[%emt 00:00:45]} 34. Rc5 {[%clk 00:00:58]}
{[%emt 00:00:54]} Nd6 {[%clk 00:10:41]} {[%emt 00:01:42]} 35. Ne7+ {[%clk
00:00:50]} {[%emt 00:00:38]} Kh7 {[%clk 00:11:04]} {[%emt 00:00:07]} 36. Rc6
{[%clk 00:00:54]} {[%emt 00:00:26]} Ne4 {[%clk 00:10:39]} {[%emt 00:00:55]} 37.
Rc8 {[%clk 00:00:49]} {[%emt 00:00:36]} Rxc8 {[%clk 00:10:31]} {[%emt
00:00:38]} 38. Nxc8 {[%clk 00:01:17]} {[%emt 00:00:02]} Kg6 {[%clk 00:10:45]}
{[%emt 00:00:15]} 39. g4 {[%clk 00:00:59]} {[%emt 00:00:47]} Kg5 {[%clk
00:09:11]} {[%emt 00:02:05]} 40. f3 {[%clk 00:00:42]} {[%emt 00:00:47]} Nc5
{[%clk 00:09:12]} {[%emt 00:00:29]} 41. Kf2 {[%clk 00:28:12]} {[%emt 00:02:59]}
f5 {[%clk 00:38:27]} {[%emt 00:01:16]} 42. gxf5 {[%clk 00:25:19]} {[%emt
00:03:24]} Kxf5 {[%clk 00:38:50]} {[%emt 00:00:07]} 43. Ke3 {[%clk 00:23:20]}
{[%emt 00:02:28]} h5 {[%clk 00:39:00]} {[%emt 00:00:20]} 44. Nd6+ {[%clk
00:22:34]} {[%emt 00:01:16]} Ke5 {[%clk 00:38:54]} {[%emt 00:00:35]} 45. Ne4
{[%clk 00:19:21]} {[%emt 00:03:44]} Ne6 {[%clk 00:39:14]} {[%emt 00:00:10]} 46.
Nf2 {[%clk 00:17:38]} {[%emt 00:02:13]} Nf4 {[%clk 00:38:37]} {[%emt 00:01:08]}
47. Nd3+ {[%clk 00:16:48]} {[%emt 00:01:20]} Nxd3 {[%clk 00:38:50]} {[%emt
00:00:17]} 48. cxd3 {[%clk 00:15:07]} {[%emt 00:02:11]} g5 {[%clk 00:39:10]}
{[%emt 00:00:09]} 49. d4+ {[%clk 00:15:14]} {[%emt 00:00:23]} Kd5 {[%clk
00:39:28]} {[%emt 00:00:12]} 50. Kd3 {[%clk 00:15:20]} {[%emt 00:00:24]} 1-0

[Event "DVM U16 2021"]
[Site "Kiel GER"]
[Date "2022.07.23"]
[Round "2"]
[White "Tham, Nam"]
[Black "Morgenstern, Tobias"]
[Result "1-0"]
[Termination "normal"]
[Board "8.2"]
[WhiteElo "1951"]
[BlackElo "1901"]
[WhiteClock "00:54:50"]
[BlackClock "00:11:39"]
[WhiteTeam "SC Weisse Dame e.V."]
[BlackTeam "Schachzwerge Magdeburg"]
[PlyCount "59"]
[WhiteFideId "12997331"]
[BlackFideId "12974390"]
[EventCountry "GER"]
[EventRounds "7"]
[EventType "team-swiss"]
[EventDate "2022.07.22"]

1. e4 {[%emt 00:00:08]} e5 {[%clk 01:30:49]} {[%emt 00:00:05]} 2. Nf3 {[%clk
01:31:23]} {[%emt 00:00:05]} Nc6 {[%clk 01:31:11]} {[%emt 00:00:07]} 3. Bc4
{[%clk 01:31:48]} {[%emt 00:00:05]} Bc5 {[%clk 01:31:38]} {[%emt 00:00:04]} 4.
c3 {[%clk 01:32:14]} {[%emt 00:00:05]} Nf6 {[%clk 01:32:04]} {[%emt 00:00:03]}
5. d3 {[%clk 01:32:39]} {[%emt 00:00:04]} a6 {[%clk 01:32:12]} {[%emt
00:00:22]} 6. Bb3 {[%clk 01:33:05]} {[%emt 00:00:05]} Ba7 {[%clk 01:32:33]}
{[%emt 00:00:09]} 7. Nbd2 {[%clk 01:33:21]} {[%emt 00:00:14]} d6 {[%clk
01:32:48]} {[%emt 00:00:14]} 8. h3 {[%clk 01:33:46]} {[%emt 00:00:05]} h6
{[%clk 01:29:55]} {[%emt 00:03:24]} 9. Nf1 {[%clk 01:34:09]} {[%emt 00:00:07]}
g5 {[%clk 01:26:27]} {[%emt 00:03:58]} 10. Be3 {[%clk 01:31:44]} {[%emt
00:02:54]} g4 {[%clk 01:17:58]} {[%emt 00:09:00]} 11. hxg4 {[%clk 01:25:00]}
{[%emt 00:07:14]} Nxg4 {[%clk 01:17:07]} {[%emt 00:01:21]} 12. Qd2 {[%clk
01:22:25]} {[%emt 00:03:05]} Bxe3 {[%clk 01:15:15]} {[%emt 00:02:21]} 13. Nxe3
{[%clk 01:22:49]} {[%emt 00:00:06]} Nxe3 {[%clk 01:15:41]} {[%emt 00:00:05]}
14. Qxe3 {[%clk 01:23:13]} {[%emt 00:00:05]} Qf6 {[%clk 01:15:12]} {[%emt
00:00:59]} 15. O-O-O {[%clk 01:19:46]} {[%emt 00:03:57]} Be6 {[%clk 01:14:02]}
{[%emt 00:01:40]} 16. Rh4 {[%clk 01:11:13]} {[%emt 00:09:03]} Bxb3 {[%clk
01:08:38]} {[%emt 00:05:54]} 17. axb3 {[%clk 01:11:27]} {[%emt 00:00:17]} Qe6
{[%clk 00:56:07]} {[%emt 00:13:00]} 18. Kc2 {[%clk 01:09:05]} {[%emt 00:02:52]}
a5 {[%clk 00:49:10]} {[%emt 00:07:27]} 19. Rdh1 {[%clk 01:00:23]} {[%emt
00:09:12]} a4 {[%clk 00:43:53]} {[%emt 00:05:47]} 20. Nd2 {[%clk 00:59:47]}
{[%emt 00:01:06]} axb3+ {[%clk 00:40:08]} {[%emt 00:04:15]} 21. Nxb3 {[%clk
00:59:52]} {[%emt 00:00:25]} Na5 {[%clk 00:37:45]} {[%emt 00:02:53]} 22. Nd2
{[%clk 00:56:17]} {[%emt 00:04:05]} Ra6 {[%clk 00:36:43]} {[%emt 00:01:32]} 23.
Rxh6 {[%clk 00:56:27]} {[%emt 00:00:20]} Rxh6 {[%clk 00:37:02]} {[%emt
00:00:11]} 24. Rxh6 {[%clk 00:56:54]} {[%emt 00:00:04]} Qa2 {[%clk 00:37:23]}
{[%emt 00:00:08]} 25. Qh3 {[%clk 00:55:07]} {[%emt 00:02:17]} Qa4+ {[%clk
00:23:07]} {[%emt 00:14:46]} 26. Kc1 {[%clk 00:55:15]} {[%emt 00:00:22]} Qa1+
{[%clk 00:21:45]} {[%emt 00:01:52]} 27. Nb1 {[%clk 00:55:10]} {[%emt 00:00:35]}
Nb3+ {[%clk 00:21:27]} {[%emt 00:00:48]} 28. Kc2 {[%clk 00:55:34]} {[%emt
00:00:05]} Nd4+ {[%clk 00:12:15]} {[%emt 00:09:43]} 29. cxd4 {[%clk 00:54:42]}
{[%emt 00:01:22]} Rc6+ {[%clk 00:11:39]} {[%emt 00:01:05]} 30. Nc3 {[%clk
00:54:50]} {[%emt 00:00:23]} 1-0

[Event "DVM U16 2021"]
[Site "Kiel GER"]
[Date "2022.07.23"]
[Round "2"]
[White "Zeuner, Ole"]
[Black "Preissner, Laurenz"]
[Result "1-0"]
[Termination "normal"]
[Board "8.3"]
[WhiteElo "1796"]
[BlackElo "1586"]
[WhiteClock "00:52:58"]
[BlackClock "00:30:34"]
[WhiteTeam "Schachzwerge Magdeburg"]
[BlackTeam "SC Weisse Dame e.V."]
[PlyCount "93"]
[WhiteFideId "12943576"]
[BlackFideId "34614419"]
[EventCountry "GER"]
[EventRounds "7"]
[EventType "team-swiss"]
[EventDate "2022.07.22"]

1. e4 {[%clk 01:30:48]} {[%emt 00:00:11]} c5 {[%clk 01:30:58]} {[%emt
00:00:02]} 2. Nf3 {[%clk 01:31:11]} {[%emt 00:00:07]} e6 {[%clk 01:31:24]}
{[%emt 00:00:04]} 3. d4 {[%clk 01:30:23]} {[%emt 00:01:18]} cxd4 {[%clk
01:31:52]} {[%emt 00:00:02]} 4. Nxd4 {[%clk 01:30:45]} {[%emt 00:00:08]} Nf6
{[%clk 01:32:20]} {[%emt 00:00:03]} 5. Bd3 {[%clk 01:29:36]} {[%emt 00:01:38]}
Nc6 {[%clk 01:32:00]} {[%emt 00:00:50]} 6. Be3 {[%clk 01:29:02]} {[%emt
00:01:04]} Be7 {[%clk 01:29:35]} {[%emt 00:02:55]} 7. O-O {[%clk 01:29:00]}
{[%emt 00:00:32]} O-O {[%clk 01:29:24]} {[%emt 00:00:41]} 8. Nc3 {[%clk
01:27:09]} {[%emt 00:02:21]} a6 {[%clk 01:29:10]} {[%emt 00:00:45]} 9. Kh1
{[%clk 01:26:24]} {[%emt 00:01:14]} Qc7 {[%clk 01:29:26]} {[%emt 00:00:15]} 10.
f4 {[%clk 01:26:02]} {[%emt 00:00:51]} Bb4 {[%clk 01:26:43]} {[%emt 00:03:13]}
11. Nce2 {[%clk 01:21:59]} {[%emt 00:04:32]} Nxd4 {[%clk 01:22:23]} {[%emt
00:04:51]} 12. Nxd4 {[%clk 01:21:25]} {[%emt 00:01:04]} b5 {[%clk 01:22:30]}
{[%emt 00:00:24]} 13. c3 {[%clk 01:12:23]} {[%emt 00:09:31]} Be7 {[%clk
01:21:07]} {[%emt 00:01:53]} 14. Qf3 {[%clk 01:08:41]} {[%emt 00:04:11]} Bb7
{[%clk 01:19:43]} {[%emt 00:01:55]} 15. Rae1 {[%clk 01:08:19]} {[%emt
00:00:52]} b4 {[%clk 01:13:05]} {[%emt 00:07:09]} 16. Bd2 {[%clk 01:07:49]}
{[%emt 00:00:59]} Qa5 {[%clk 01:11:36]} {[%emt 00:01:59]} 17. Qh3 {[%clk
01:06:14]} {[%emt 00:02:05]} bxc3 {[%clk 01:08:34]} {[%emt 00:03:33]} 18. Bxc3
{[%clk 01:04:52]} {[%emt 00:01:52]} Qh5 {[%clk 01:08:52]} {[%emt 00:00:12]} 19.
Qg3 {[%clk 01:04:13]} {[%emt 00:00:58]} Qh6 {[%clk 01:05:24]} {[%emt 00:04:08]}
20. Re3 {[%clk 00:58:00]} {[%emt 00:06:43]} Rac8 {[%clk 00:55:45]} {[%emt
00:10:09]} 21. Qe1 {[%clk 00:56:55]} {[%emt 00:01:34]} Rc5 {[%clk 00:52:06]}
{[%emt 00:04:10]} 22. Rh3 {[%clk 00:51:24]} {[%emt 00:05:58]} Rh5 {[%clk
00:48:20]} {[%emt 00:04:20]} 23. Rxh5 {[%clk 00:51:11]} {[%emt 00:00:43]} Nxh5
{[%clk 00:35:06]} {[%emt 00:13:42]} 24. Qe3 {[%clk 00:43:52]} {[%emt 00:07:49]}
g5 {[%clk 00:14:58]} {[%emt 00:20:39]} 25. f5 {[%clk 00:42:13]} {[%emt
00:02:09]} Bd6 {[%clk 00:12:11]} {[%emt 00:03:17]} 26. e5 {[%clk 00:40:19]}
{[%emt 00:02:23]} Bxe5 {[%clk 00:11:08]} {[%emt 00:01:34]} 27. Qxe5 {[%clk
00:39:10]} {[%emt 00:01:38]} Nf4 {[%clk 00:10:47]} {[%emt 00:00:52]} 28. Nf3
{[%clk 00:35:11]} {[%emt 00:04:28]} f6 {[%clk 00:10:14]} {[%emt 00:01:04]} 29.
Qe3 {[%clk 00:34:08]} {[%emt 00:01:26]} g4 {[%clk 00:07:35]} {[%emt 00:03:16]}
30. Ne1 {[%clk 00:33:29]} {[%emt 00:01:08]} e5 {[%clk 00:04:34]} {[%emt
00:03:32]} 31. Be4 {[%clk 00:28:08]} {[%emt 00:05:51]} d5 {[%clk 00:04:17]}
{[%emt 00:00:47]} 32. g3 {[%clk 00:24:12]} {[%emt 00:04:26]} dxe4 {[%clk
00:01:31]} {[%emt 00:03:16]} 33. gxf4 {[%clk 00:23:55]} {[%emt 00:00:47]} exf4
{[%clk 00:01:43]} {[%emt 00:00:18]} 34. Qxf4 {[%clk 00:23:36]} {[%emt
00:00:50]} Qh3 {[%clk 00:01:22]} {[%emt 00:00:50]} 35. Ng2 {[%clk 00:22:50]}
{[%emt 00:01:15]} e3 {[%clk 00:01:14]} {[%emt 00:00:38]} 36. Qg3 {[%clk
00:22:44]} {[%emt 00:00:35]} e2 {[%clk 00:01:05]} {[%emt 00:00:41]} 37. Re1
{[%clk 00:21:15]} {[%emt 00:01:59]} Re8 {[%clk 00:00:58]} {[%emt 00:00:37]} 38.
Bxf6 {[%clk 00:20:13]} {[%emt 00:01:32]} Re3 {[%clk 00:00:48]} {[%emt
00:00:40]} 39. Qb8+ {[%clk 00:20:26]} {[%emt 00:00:16]} Kf7 {[%clk 00:01:13]}
{[%emt 00:00:05]} 40. Qxb7+ {[%clk 00:20:44]} {[%emt 00:00:13]} Kxf6 {[%clk
00:01:38]} {[%emt 00:00:04]} 41. Qb6+ {[%clk 00:21:04]} {[%emt 00:00:11]} Kxf5
{[%clk 00:01:11]} {[%emt 00:00:56]} 42. Qxe3 {[%clk 00:21:17]} {[%emt
00:00:18]} Qf3 {[%clk 00:01:12]} {[%emt 00:00:29]} 43. Kg1 {[%clk 00:21:20]}
{[%emt 00:00:26]} Qxe3+ {[%clk 00:29:40]} {[%emt 00:02:03]} 44. Nxe3+ {[%clk
00:51:48]} Kf4 {[%clk 00:29:51]} {[%emt 00:00:20]} 45. Rxe2 {[%clk 00:52:09]}
{[%emt 00:00:09]} h5 {[%clk 00:30:10]} {[%emt 00:00:11]} 46. Nd5+ {[%clk
00:52:31]} {[%emt 00:00:07]} Kf3 {[%clk 00:30:34]} {[%emt 00:00:06]} 47. Re3#
{[%clk 00:52:58]} {[%emt 00:00:03]} 1-0

[Event "DVM U16 2021"]
[Site "Kiel GER"]
[Date "2022.07.23"]
[Round "2"]
[White "Xu, Christ"]
[Black "Pohle, Saskia"]
[Result "0-1"]
[Termination "normal"]
[Board "8.4"]
[WhiteElo "1403"]
[BlackElo "1845"]
[WhiteClock "00:14:37"]
[BlackClock "00:37:48"]
[WhiteTeam "SC Weisse Dame e.V."]
[BlackTeam "Schachzwerge Magdeburg"]
[PlyCount "54"]
[WhiteFideId "16280822"]
[BlackFideId "16201604"]
[EventCountry "GER"]
[EventRounds "7"]
[EventType "team-swiss"]
[EventDate "2022.07.22"]

1. e4 {[%clk 01:30:57]} {[%emt 00:00:03]} e5 {[%clk 01:30:55]} {[%emt
00:00:06]} 2. Nf3 {[%clk 01:31:21]} {[%emt 00:00:05]} Nc6 {[%clk 01:31:21]}
{[%emt 00:00:05]} 3. d4 {[%clk 01:31:43]} {[%emt 00:00:07]} exd4 {[%clk
01:31:46]} {[%emt 00:00:06]} 4. Nxd4 {[%clk 01:32:05]} {[%emt 00:00:08]} Nf6
{[%clk 01:29:01]} {[%emt 00:03:15]} 5. Nxc6 {[%clk 01:31:43]} {[%emt 00:00:51]}
bxc6 {[%clk 01:29:27]} {[%emt 00:00:06]} 6. Bd3 {[%clk 01:31:28]} {[%emt
00:00:44]} d5 {[%clk 01:27:44]} {[%emt 00:02:13]} 7. exd5 {[%clk 01:31:32]}
{[%emt 00:00:26]} cxd5 {[%clk 01:28:09]} {[%emt 00:00:06]} 8. O-O {[%clk
01:31:55]} {[%emt 00:00:06]} Be7 {[%clk 01:28:21]} {[%emt 00:00:18]} 9. c4
{[%clk 01:30:57]} {[%emt 00:01:28]} Bb7 {[%clk 01:24:07]} {[%emt 00:04:43]} 10.
b3 {[%clk 01:27:14]} {[%emt 00:04:14]} O-O {[%clk 01:20:06]} {[%emt 00:04:32]}
11. Bb2 {[%clk 01:26:20]} {[%emt 00:01:22]} c5 {[%clk 01:19:29]} {[%emt
00:01:07]} 12. cxd5 {[%clk 01:22:11]} {[%emt 00:04:40]} Qxd5 {[%clk 01:17:06]}
{[%emt 00:02:52]} 13. f3 {[%clk 01:22:27]} {[%emt 00:00:14]} Rad8 {[%clk
01:12:33]} {[%emt 00:05:04]} 14. Be2 {[%clk 01:18:27]} {[%emt 00:04:30]} Qh5
{[%clk 01:07:36]} {[%emt 00:05:27]} 15. Qe1 {[%clk 01:12:38]} {[%emt 00:06:17]}
Bd6 {[%clk 01:04:26]} {[%emt 00:03:41]} 16. f4 {[%clk 01:05:37]} {[%emt
00:07:31]} Qh6 {[%clk 01:01:24]} {[%emt 00:03:33]} 17. g3 {[%clk 00:56:12]}
{[%emt 00:09:55]} Rfe8 {[%clk 00:54:52]} {[%emt 00:07:02]} 18. Bxf6 {[%clk
00:46:34]} {[%emt 00:10:07]} Qxf6 {[%clk 00:55:09]} {[%emt 00:00:14]} 19. Nd2
{[%clk 00:45:20]} {[%emt 00:01:43]} c4 {[%clk 00:50:19]} {[%emt 00:05:21]} 20.
h3 {[%clk 00:40:16]} {[%emt 00:05:34]} Qe6 {[%clk 00:41:08]} {[%emt 00:09:41]}
21. Bf3 {[%clk 00:28:00]} {[%emt 00:12:46]} Qxh3 {[%clk 00:40:58]} {[%emt
00:00:40]} 22. Ne4 {[%clk 00:19:03]} {[%emt 00:09:27]} Bxe4 {[%clk 00:39:26]}
{[%emt 00:02:02]} 23. Bxe4 {[%clk 00:17:00]} {[%emt 00:02:32]} Bc5+ {[%clk
00:39:42]} {[%emt 00:00:15]} 24. Rf2 {[%clk 00:17:02]} {[%emt 00:00:27]} Qxg3+
{[%clk 00:38:17]} {[%emt 00:01:55]} 25. Kf1 {[%clk 00:15:14]} {[%emt 00:02:19]}
Rxe4 {[%clk 00:37:26]} {[%emt 00:01:20]} 26. Qe2 {[%clk 00:14:17]} {[%emt
00:01:27]} Rxe2 {[%clk 00:37:27]} {[%emt 00:00:29]} 27. Kxe2 {[%clk 00:14:37]}
{[%emt 00:00:10]} Qxf2# {[%clk 00:37:48]} {[%emt 00:00:09]} 0-1